[Monetárna teória]

Recenzia publikácie Gonda, V.: Monetárna teęia: J.M. Keynes versus M. Friedman. problém peňazí, monetárnych teórií a monetárnej politiky. Dejiny ekonomických teórií v otázke peňazí. Vysvetlenie úlohy a miesta peňazí v peňaženj teórii J.M. Keynesa a jeho porovnanie s M. Friedmanom.

Salvato in:
Dettagli Bibliografici
Autore principale: Masárová, Helena
Natura: Capitolo di libro
Lingua:slovacco
Soggetti:
Tags: Aggiungi Tag
Nessun Tag, puoi essere il primo ad aggiungerne!!

MARC

LEADER 00000naa a2200000 4500
001 r028019
005 20230918075016.1
041 0 |a slo 
044 |a SK 
245 1 0 |a [Monetárna teória]  |c Helena Masárová 
520 |a Recenzia publikácie Gonda, V.: Monetárna teęia: J.M. Keynes versus M. Friedman. problém peňazí, monetárnych teórií a monetárnej politiky. Dejiny ekonomických teórií v otázke peňazí. Vysvetlenie úlohy a miesta peňazí v peňaženj teórii J.M. Keynesa a jeho porovnanie s M. Friedmanom. 
610 2 0 |a recenzie 
610 2 0 |a peniaze 
610 2 0 |a teória peňažná 
610 2 0 |a Keynes, J.M. 
610 2 0 |a Friedman, M. 
610 2 0 |a politika peňažná 
610 2 0 |a Gonda, V. 
100 1 |a Masárová, Helena